MARC details
| 000 -LEADER |
| fixed length control field |
02899cam a22005897a 4500 |
| 001 - CONTROL NUMBER |
| control field |
ocn156346421 |
| 003 - CONTROL NUMBER IDENTIFIER |
| control field |
OCoLC |
| 005 - DATE AND TIME OF LATEST TRANSACTION |
| control field |
20251219091852.0 |
| 008 - FIXED-LENGTH DATA ELEMENTS--GENERAL INFORMATION |
| fixed length control field |
040804s2004 xna j 000 1 eng |
| 020 ## - INTERNATIONAL STANDARD BOOK NUMBER |
| International Standard Book Number |
0759320918 |
| 020 ## - INTERNATIONAL STANDARD BOOK NUMBER |
| International Standard Book Number |
9780759320918 |
| 020 ## - INTERNATIONAL STANDARD BOOK NUMBER |
| International Standard Book Number |
174166103X |
| 020 ## - INTERNATIONAL STANDARD BOOK NUMBER |
| International Standard Book Number |
9781741661033 |
| 029 0# - (OCLC) |
| OCLC library identifier |
NZ1 |
| System control number |
8747492 |
| 029 1# - (OCLC) |
| OCLC library identifier |
AU@ |
| System control number |
000026097511 |
| 029 1# - (OCLC) |
| OCLC library identifier |
AU@ |
| System control number |
000027336532 |
| 029 1# - (OCLC) |
| OCLC library identifier |
AU@ |
| System control number |
000042498065 |
| 029 1# - (OCLC) |
| OCLC library identifier |
AU@ |
| System control number |
000052092713 |
| 029 1# - (OCLC) |
| OCLC library identifier |
NZ1 |
| System control number |
13806002 |
| 029 1# - (OCLC) |
| OCLC library identifier |
NZ1 |
| System control number |
14599467 |
| 029 1# - (OCLC) |
| OCLC library identifier |
NZ1 |
| System control number |
15052017 |
| 035 ## - SYSTEM CONTROL NUMBER |
| System control number |
(OCoLC)156346421 |
| Canceled/invalid control number |
(OCoLC)224337193 |
| 040 ## - CATALOGING SOURCE |
| Original cataloging agency |
Nz |
| Language of cataloging |
eng |
| Transcribing agency |
NZUPM |
| Modifying agency |
OCLCF |
| -- |
OCLCO |
| -- |
OCLCQ |
| -- |
AU@ |
| -- |
OCLCO |
| -- |
AUNTL |
| -- |
OCLCQ |
| -- |
AUHCL |
| -- |
OCLCQ |
| -- |
OCLCO |
| -- |
OCLCQ |
| -- |
OCLCL |
| Description conventions |
rda |
| 049 ## - LOCAL HOLDINGS (OCLC) |
| Holding library |
WACL |
| 082 04 - DEWEY DECIMAL CLASSIFICATION NUMBER |
| Classification number |
813.6 |
| Edition number |
22 |
| 092 ## - LOCALLY ASSIGNED DEWEY CALL NUMBER (OCLC) |
| Classification number |
young adult fiction |
| Item number |
Brashares, Ann |
| 100 1# - MAIN ENTRY--PERSONAL NAME |
| Personal name |
Brashares, Ann, |
| Title of a work |
Sisterhood of the travelling pants. |
| 9 (RLIN) |
6557810 |
| 245 14 - TITLE STATEMENT |
| Title |
The sisterhood of the travelling pants, and the second summer of the sisterhood / |
| Statement of responsibility, etc |
Ann Brashares. |
| 260 ## - PUBLICATION, DISTRIBUTION, ETC. (IMPRINT) |
| Place of publication, distribution, etc |
Milsons Point, N.S.W. : |
| Name of publisher, distributor, etc |
Random House Australia, |
| Date of publication, distribution, etc |
2004. |
| 264 ## - Production, Publication, Distribution, Manufacture, and Copyright Notice. |
| Place of production, publication, distribution, manufacture |
Milsons Point, N.S.W. : |
| Name of producer, publisher, distributor, manufacturer |
Random House Australia, |
| Date of production, publication, distribution, manufacture, or copyr |
2004. |
| 300 ## - PHYSICAL DESCRIPTION |
| Extent |
1 volume. |
| 336 ## - Content Type |
| Content type term |
text |
| 337 ## - Media type |
| Media type term |
unmediated |
| 338 ## - Carrier type |
| Carrier type term |
volume |
| 490 0# - SERIES STATEMENT |
| Series statement |
The Sisterhood of the Traveling Pants ; |
| Volume number/sequential designation |
1 & 2. |
| 505 0# - FORMATTED CONTENTS NOTE |
| Formatted contents note |
The sisterhood of the travelling pants -- the second summer of the sisterhood. |
| 520 ## - SUMMARY, ETC. |
| Summary, etc |
"Two Books In One<br/><br/>'The Sisterhood Of The Travelling Pants' and the sequel, 'The Second Summer Of The Sisterhood'.<br/><br/>Carmen's the one who found the jeans, in a second-hand store. They didn't look all that great: they were worn, dirty, and speckled with bleach. But Tibby liked the look of them. And then Lena tried them, and Bridget. And that's when the magic began . . . because the pants fitted each of the four girls perfectly! Not 'sort of okay', not 'just about right', but PERFECTLY!<br/><br/>Even Carmen (who never thought she looked good in anything) admitted the jeans looked on her too. And over a few bags of snack food and some bad eighties music, the Sisterhood of the Travelling Pants was born . . ." |
| 521 ## - TARGET AUDIENCE NOTE |
| Target audience note |
Secondary students. |
| 650 #0 - SUBJECT ADDED ENTRY--TOPICAL TERM |
| Topical term or geographic name as entry element |
Female friendship |
| Form subdivision |
Juvenile fiction. |
| 9 (RLIN) |
6375326 |
| 650 #0 - SUBJECT ADDED ENTRY--TOPICAL TERM |
| Topical term or geographic name as entry element |
Teenage girls |
| Form subdivision |
Juvenile fiction. |
| 9 (RLIN) |
5675736 |
| 650 #0 - SUBJECT ADDED ENTRY--TOPICAL TERM |
| Topical term or geographic name as entry element |
Jeans (Clothing) |
| Form subdivision |
Juvenile fiction. |
| 9 (RLIN) |
6359123 |
| 650 #6 - SUBJECT ADDED ENTRY--TOPICAL TERM |
| Topical term or geographic name as entry element |
Adolescentes |
| Form subdivision |
Romans, nouvelles, etc. pour la jeunesse. |
| 9 (RLIN) |
6476168 |
| 650 #6 - SUBJECT ADDED ENTRY--TOPICAL TERM |
| Topical term or geographic name as entry element |
Jeans |
| Form subdivision |
Romans, nouvelles, etc. pour la jeunesse. |
| 9 (RLIN) |
6557812 |
| 650 #7 - SUBJECT ADDED ENTRY--TOPICAL TERM |
| Topical term or geographic name as entry element |
Female friendship. |
| Source of heading or term |
fast |
| 650 #7 - SUBJECT ADDED ENTRY--TOPICAL TERM |
| Topical term or geographic name as entry element |
Jeans (Clothing) |
| Source of heading or term |
fast |
| 650 #7 - SUBJECT ADDED ENTRY--TOPICAL TERM |
| Topical term or geographic name as entry element |
Teenage girls. |
| Source of heading or term |
fast |
| 655 #7 - INDEX TERM--GENRE/FORM |
| Genre/form data or focus term |
Fiction. |
| Source of term |
fast |
| 9 (RLIN) |
5673940 |
| 655 #7 - INDEX TERM--GENRE/FORM |
| Genre/form data or focus term |
Juvenile works. |
| Source of term |
fast |
| 9 (RLIN) |
5673941 |
| 700 12 - ADDED ENTRY--PERSONAL NAME |
| Personal name |
Brashares, Ann. |
| Title of a work |
Second summer of the sisterhood. |
| 9 (RLIN) |
6557813 |
| 830 #0 - SERIES ADDED ENTRY--UNIFORM TITLE |
| Uniform title |
Sisterhood. |
| 9 (RLIN) |
6557814 |
| 942 ## - ADDED ENTRY ELEMENTS (KOHA) |
| Source of classification or shelving scheme |
Dewey Decimal Classification |
| Koha item type |
BOOK |